| 000 | 00412nam a22001577a 4500 | ||
|---|---|---|---|
| 005 | 20230117113821.0 | ||
| 008 | 210306b ||||| |||| 00| 0 eng d | ||
| 041 | _aeng | ||
| 082 |
_a615.19 _bSHO-P |
||
| 100 |
_aSHOTTON, B AND RIDGWAY, K _96476 |
||
| 245 | _aPHYSICAL PHARMACEUTICS | ||
| 260 |
_aNEW YORK _bOXFORD UNIVERSITY PRESS _c1974 |
||
| 300 | _a409,p | ||
| 650 |
_aPHARMACY _xB.PHARMA _97083 |
||
| 942 | _cBK | ||
| 999 |
_c7539 _d7537 |
||